Southville International School and Colleges
Your cart is empty.
  • Cart
  • Lists
    Public lists Eva Luna New books Lux_list list_1
    Your lists Log in to create your own lists
  • Log in to your account
  • Your cookies
  • Search history
Southville International School and Colleges
  • Advanced search
  • Recent comments
  • Most popular
  • Libraries

Log in to your account

Log in with GOOGLE


If you do not have an external account, but do have a local account, you can still log in:

  1. Home
  2. MARC view: The dolphin dance /
Normal view MARC view ISBD view

The dolphin dance / (Record no. 111175)

[ view plain ]
MARC details
000 -LEADER
fixed length control field 00683nam a2200205 a 4500
001 - CONTROL NUMBER
control field 1296
005 - DATE AND TIME OF LATEST TRANSACTION
control field 20140414131910.0
008 - FIXED-LENGTH DATA ELEMENTS--GENERAL INFORMATION
fixed length control field 001207s19uu xx 00 eng d
050 ## - LIBRARY OF CONGRESS CALL NUMBER
Classification number ER
Item number D65
100 ## - MAIN ENTRY--PERSONAL NAME
Personal name Payne, Colleen
245 ## - TITLE STATEMENT
Title The dolphin dance /
Statement of responsibility, etc written and illustrated by Colleen Payne.
260 ## - PUBLICATION, DISTRIBUTION, ETC. (IMPRINT)
Place of publication, distribution, etc [s.l.] :
Name of publisher, distributor, etc Blue Banana Books ,
Date of publication, distribution, etc [n.d.]
300 ## - PHYSICAL DESCRIPTION
Extent 1 v. p. : ill. ; cm.
440 ## - SERIES STATEMENT/ADDED ENTRY--TITLE
Title The Little Dolphin Story Collection.
520 ## - SUMMARY, ETC.
Summary, etc The dolphins danced, flipped and twirled across the sea bed. The party seemed like it would go on for ever.
650 ## - SUBJECT ADDED ENTRY--TOPICAL TERM
Topical term or geographic name as entry element Underwater animals
General subdivision Fiction.
650 ## - SUBJECT ADDED ENTRY--TOPICAL TERM
Topical term or geographic name as entry element Children stories.
Holdings
Withdrawn status Lost status Damaged status Use restrictions Home library Current library Shelving location Date acquired Source of acquisition Total Checkouts Full call number Barcode Date last seen Price effective from Koha item type
        Munich Library Munich Library Easy Reading Section 12/20/2004     ER D65 M1769 04/14/2014 04/14/2014 Books
        Munich Library Munich Library Easy Reading Section 12/20/2004     ER D65 M1768 04/14/2014 04/14/2014 Books

The dolphin dance /

APA

Payne C., .The dolphin dance. [s.l.]: Blue Banana Books.

Chicago

Payne Colleen, .The dolphin dance. [s.l.]: Blue Banana Books.

Harvard

Payne C., .The dolphin dance. [s.l.]: Blue Banana Books.

MLA

Payne Colleen, .[s.l.]: Blue Banana Books. .

  • Place hold
  • Print
  • Cite
  • Add to your cart (remove)
  • Save record
    BIBTEX Dublin Core MARCXML MARC (non-Unicode/MARC-8) MARC (Unicode/UTF-8) MARC (Unicode/UTF-8, Standard) MODS (XML) RIS
  • More searches
    Search for this title in:
    Other Libraries (WorldCat) Other Databases (Google Scholar) Online Stores (Bookfinder.com) Open Library (openlibrary.org)

Exporting to Dublin Core...

SOUTHVILLE LIBRARY

Southville International School and Colleges Library

1281 Tropical Ave. Cor. Luxembourg St., BF Homes International, Las Pinas City

Tel. No. 8256374 / 252358 Loc. 117/146

Powered by Koha